[Event "IND-ch 53rd"]
[Site "Thiruvarur"]
[Date "2015.11.23"]
[Round "8"]
[White "Sethuraman, SP."]
[Black "Vidit, Santosh Gujrathi"]
[Result "1/2-1/2"]
[WhiteElo "2651"]
[BlackElo "2651"]
[Annotator "Vidit,S"]
[PlyCount "96"]
[EventDate "2015.11.15"]
[EventType "tourn"]
[EventRounds "11"]
[EventCountry "IND"]
[EventCategory "13"]
[SourceTitle "CBM 170"]
[Source "ChessBase"]
[SourceDate "2016.01.15"]
[SourceVersion "1"]
[SourceVersionDate "2016.01.15"]
[SourceQuality "1"]

{I had my first encounter with Sethuraman back in 2005. And, funnily enough in
12 games I have played 11 Blacks! :)} 1. e4 e6 {I always have had the craziest
games with the French and I was very much in a fighting mood that day.} 2. d4
d5 3. Nc3 Nf6 (3... Bb4 {I have played this from time to time. In fact I had
played this against Sethuraman in last year's Indian ch. Sadly it was an
uneventful draw after ed.}) 4. e5 Nfd7 5. f4 c5 6. Nf3 Nc6 7. Be3 Be7 8. Qd2
O-O 9. dxc5 Nxc5 10. O-O-O a6 11. h4 Qa5 $146 12. Kb1 (12. Bd3 Nxd3+ 13. Qxd3
Nb4) 12... b5 13. Bd3 b4 {My opponent was blitzing out moves till this point.
But from now on he started to use a lot of time for each move.} 14. Ne2 (14.
Bxh7+ {leads to a crazy draw!} Kxh7 15. Ng5+ Kg8 16. Bxc5 bxc3 17. Qd3 g6 18.
Bxe7 Nxe7 19. h5 d4 $1 20. hxg6 Qb4 21. Rh8+ $1 Kg7 $1 22. Rh7+ Kg8 $11) 14...
Nxd3 15. Qxd3 (15. cxd3 d4 $1 16. Nexd4 Nxd4 17. Nxd4 Bb7 $11) 15... Qb5 {
An important move! Before White can play Ng5 and provoke some weaknesses, it
is better to get rid of the queen from the diagonal.} 16. Qd2 (16. Qxb5 {
I was slightly concerned by this during the game. But I thought counterplay on
the a-file would be sufficient for the doubled pawns.} axb5) 16... a5 17. Ned4
(17. g4 {with the same idea as in the game, but not giving the extra option of
f6.} a4 18. Ned4 Nxd4 19. Nxd4 Qc4 20. f5 b3 (20... f6 $1 {This looks much
safer than b3} 21. fxe6 (21. Nxe6 Bxe6 22. fxe6 b3 $132) 21... b3 22. Nf5 Re8
23. Nxe7+ Rxe7 24. exf6 Rxe6 {And the line ends with 0.00!}) 21. Rc1 (21. cxb3
axb3 22. a3 exf5 23. gxf5 Bxa3 $1 24. bxa3 Rxa3 $19) 21... Bb4 22. c3 Bc5 23.
f6 $1 {Engines due to the advanced pawn and the bishop pair seem to support
Black, but the position looks extremely scary.} Ba6 24. Rhd1 $40) 17... Nxd4
18. Nxd4 Qc4 {The queen at least appears to be doing something here!} (18...
Qa6 19. g4) 19. g4 f6 $6 {I didn't want to give White the freehand of f5-f6. I
thought the activity will compensate for the e6-weakness.} ({Black is probably
fine after} 19... a4 $142 20. f5 f6 {transposing to 17.g4}) 20. exf6 {A very
normal move, but for some reason my opponent took 40 minutes to play this!} (
20. Nf3 {Maybe he was considering this move, but Black seems fine after} Qe4
$132) 20... Bxf6 21. h5 ({I was only expecting the natural} 21. g5 Be7 (21...
Bd8 $1 {The engine says this is better. I couldn't understand for a long time
why, but it has a deep point. Compared to Be7 in the lines with h5-g6 h6 Bxh6..
Black has an extra defence with Ra7! :)}) 22. h5 (22. Rhe1 Bd6) 22... a4 23. f5
$1 {I missed this neat trick during the game!} exf5 24. g6 $40 {White has a
strong attack whereas Black's attack seems very slow.}) 21... a4 (21... e5 {
I was trying to make this work desperately, but the d5-pawn is too fragile.}
22. fxe5 Bxe5 23. b3 Qa6 (23... Qc3 24. Qxc3 bxc3 25. Nc6) (23... Qc7 24. Nf3)
24. Nf5 $16) 22. h6 $6 {This turns the tables!} (22. g5 {I thought it was
better to play this, as it kicks the bishop off this important diagonal.} Be7
23. f5 $1 (23. h6 g6) 23... exf5 24. g6 $40 {which transposes to 21.g5}) 22...
g6 23. Rhe1 Bd7 {I played this almost instantly.} (23... e5 {leads to
fascinating lines!} 24. fxe5 Bxe5 25. Nf5 $3 {strictly the only move to keep
the game level} gxf5 (25... Bxf5 26. gxf5 Rxf5 27. Qxd5+ Qxd5 28. Rxd5 $11) 26.
Bc5 $1 Qxc5 27. Qg5+ Kh8 28. Rxe5 Ra7 29. Rexd5 Qe7 30. Rd8 Qxg5 31. Rxf8+ Qg8
32. Rxg8+ Kxg8 33. Rd8+ Kf7 34. Rxc8 fxg4 35. Rc4 {And it's 0.00!}) 24. Bf2 {
Here I was very confused regarding which rook to play to e8. Surprisingly
either of the moves isn't in the top 3 choices!} Rfe8 (24... Rae8 25. Bg3) (
24... Rac8 {Stockfish says this is better, but it is too deep for me to
understand :)} 25. Nxe6 $6 (25. Rc1 $142) 25... Rfe8 $1 (25... Bc3 26. Qd3 Bxe1
27. Nxf8 $11)) 25. Nf3 b3 (25... Bc3 {fails to the cool} 26. Qe3 $1 (26. Qe2))
(25... a3 26. b3 Qc3 27. Bd4 $1 $14) 26. Bd4 e5 $1 (26... bxc2+ 27. Qxc2 Qxc2+
28. Kxc2 {This endgame is potentially very dangerous for Black.}) 27. fxe5 Bxg4
$2 {Now the crazy complications start!} (27... bxc2+ $142 28. Qxc2 Qxc2+ 29.
Kxc2 Bd8 $1 $15 {I was so tempted by bxc2+ that I completely forgot about this
retreat} (29... Bh8 30. Rg1 $14)) 28. exf6 bxc2+ 29. Qxc2 (29. Ka1 cxd1=Q+ 30.
Rxd1) 29... Bf5 (29... Qxc2+ 30. Kxc2 Bxf3 31. f7+ $18) 30. Qxf5 gxf5 31. Rg1+
$2 {Played very quickly, now the position is objectively drawn, although still
complicated.} (31. Ng5 $1 {we both missed this simple move. White's pieces
co-ordinate perfectly and f7 is a strong threat.} Re4 32. f7+ Kf8 33. Nxh7+
Kxf7 34. Ng5+ Kg6 35. Nxe4 dxe4 36. h7 $1 f4 37. h8=Q Rxh8 38. Bxh8 e3 39. Rd4
$1 Qc7 40. Rd5 $1 $18) 31... Kf8 32. Ng5 Re2 $1 33. Nxh7+ Ke8 {We both were
under time pressure here. My opponent had 3 minutes whereas I had a little bit
more.} (33... Kf7 34. Rg7+ Ke6 35. Ng5+ $11) 34. a3 {Stopping a4-a3.} (34. Ka1
$2 {I was worried about this move for a moment, but it fails to nice tactic} a3
35. Rg8+ Kd7 36. Rxa8 Qxd4 $1 $19) (34. Rg8+ $2 Kd7 35. Rg7+ Kd6 $19) (34. Bc3
a3 35. Rg8+ Kd7 36. Rxa8 Qe4+ 37. Ka1 axb2+ 38. Bxb2 Re1 $11) (34. f7+ {
was the easiest way to draw} Kxf7 35. Rg7+ Ke6 36. Ng5+ Kd6 37. Nf7+ $11) 34...
Rb8 35. Ka1 $2 (35. Rg8+ Kd7 36. Rxb8 Qc2+ 37. Ka2 Qxd1 38. f7 Qxd4 {We both
thought Black is winning here but} 39. Rb7+ Kc6 40. Rb4 $1 $11 {this move
saves the game!}) (35. f7+ {again was the easiest way to draw.}) 35... Rb3 $1
36. f7+ Kxf7 37. Rg7+ Ke8 $1 38. Nf6+ (38. Rg8+ Kd7) 38... Kd8 39. Rg8+ $4 (39.
Bb6+ $1 {was the only move to survive.} Kc8 40. Rc7+ Qxc7 41. Bxc7 Kxc7 42.
Nxd5+ Kb7 43. h7 Rh2 $17) 39... Ke7 40. Nxd5+ Qxd5 $4 {The famous 40th move
blunder! I panicked when I saw few seconds remaining on the clock.} (40... Kf7
{would have won} 41. Rg7+ Kf8 42. Nb4 {I thought White has defended everything
and h7 is coming next and I prematurely stopped my calculations here.} Re1 $3 {
After this pretty move, White is just lost.} 43. Rxe1 Qxd4 44. Rb1 Rxa3+ 45.
Na2 Rb3 $19) 41. Bf6+ Kxf6 (41... Kf7 42. Rxd5 Kxg8 43. Rxf5 $11) 42. Rxd5
Rexb2 43. Rg1 (43. Rd1 $142) 43... Rh2 44. Rf1 Rxa3+ 45. Kb1 Rb3+ 46. Ka1 Ra3+
47. Kb1 Rb3+ 48. Ka1 Ra3+ {An exciting game! Had I taken my chances, the
tournament would have had a different winner :)} (48... Rh5) 1/2-1/2

[Event "Eksjo m 80 Jubilee"]
[Site "Eksjo"]
[Date "1993.??.??"]
[Round "4"]
[White "Hellers, Ferdinand"]
[Black "Andersson, Ulf"]
[Result "1/2-1/2"]
[WhiteElo "2565"]
[BlackElo "2625"]
[Annotator "Wedberg,T"]
[PlyCount "69"]
[EventDate "1993.05.??"]
[EventType "match"]
[EventRounds "6"]
[EventCountry "SWE"]
[SourceTitle "CBM 036"]
[Source "ChessBase"]
[SourceDate "1993.10.01"]
[SourceVersion "1"]
[SourceVersionDate "1993.10.01"]
[SourceQuality "1"]

1. e4 e6 2. d4 d5 3. Nc3 Nf6 4. e5 Nfd7 5. f4 c5 6. Nf3 Nc6 7. Be3 a6 8. Qd2 b5
9. dxc5 Bxc5 10. Bxc5 Nxc5 11. Qf2 Qb6 12. Bd3 Bb7 (12... Rb8) 13. O-O h6 (
13... O-O 14. a3 b4 15. axb4 Qxb4 16. Ne2 d4 17. Ng5 $16 {Khalifman,A-Speelman,
J/Munich/1992/}) 14. Ne2 d4 $6 15. Nfxd4 Nxd3 16. cxd3 Nxd4 17. Nxd4 Rc8 (17...
Rd8 18. Nb3 Qxf2+ 19. Rxf2 Rxd3 20. Nc5 $18) 18. Rac1 (18. Nc2 $1 $14) 18...
Rxc1 19. Rxc1 O-O 20. Nc6 $2 (20. Nb3 Qd8 21. Nc5 Bd5 22. b3 f6 23. exf6 Rxf6 (
23... Qxf6 24. Nd7 Qxf4 25. Qxf4 Rxf4 26. Rc8+ Kf7 27. Rf8+) 24. Ne4 Rf7 25.
Qe3 $16) 20... Qc7 $1 21. Qc5 Bxc6 22. Qxc6 Qa5 $1 23. Ra1 $1 Qd2 24. Qxa6 Qxb2
25. Rf1 Qd4+ 26. Rf2 Qa1+ 27. Rf1 Qd4+ 28. Rf2 Qxd3 29. h3 Rd8 30. Kh2 Qb1 31.
Qc6 Qe1 32. Qf3 Rd1 33. Re2 Qg1+ 34. Kg3 g6 35. Qe3 1/2-1/2

[Event "BEL-ch"]
[Site "Eupen"]
[Date "2003.07.10"]
[Round "6"]
[White "Gulbas, Cemil"]
[Black "Michiels, Bart"]
[Result "1/2-1/2"]
[WhiteElo "2340"]
[BlackElo "2376"]
[Annotator "Winants,L"]
[PlyCount "81"]
[EventDate "2003.07.05"]
[EventType "swiss"]
[EventRounds "9"]
[EventCountry "BEL"]
[SourceTitle "CBM 095 Extra"]
[Source "ChessBase"]
[SourceDate "2003.09.04"]
[SourceVersion "1"]
[SourceVersionDate "2003.09.04"]
[SourceQuality "1"]

1. e4 e6 2. d4 d5 3. Nc3 Nf6 4. e5 Nfd7 5. Nce2 {La variante du blocus, telle
qu'elle avait été adoptée au du grand tournoi de Vienne, en 1873, par William
Steinitz. Les Blancs y projettent de soutenir leurs pions avancés sur d4 et e5.
} c5 6. c3 Nc6 7. f4 Qb6 8. a3 f6 9. Nf3 Be7 {Une position thématique ; les
Blancs jouissent d'un avantage d'espace, mais subissent une forte pression
contre d4, qui doit pourtant conserver son poste, pour maintenir l'édifice en
équilibre. Les deux camps éprouvent de grosses difficultés а terminer leur
développement.  Le Bf1 se trouve gêné par le Cavalier en e2 et le Bc8 par
celui de d7. Les Tours h1 et a8 ne participeront pas aux événements avant de
nombreux coups. Pour les Noirs, un regroupement général, (Qc7 éventuellement
suivi de Nb6, 0-0, et Bd7-e8-h5) coûterait malheureusement trop de temps et
relâcherait surtout la pression contre d4, ce dont les Blancs pourraient
profiter pour dégager leur aile Roi. Dès l'arrivée du Fou sur d3, les Noirs
seraient même contraints d'envisager le fameux sacrifice du Fou sur h7. Les
Noirs devraient donc tâcher de trouver une solution plus tranchante et faire
sauter le verrou le plus rapidement possible, puis tirer parti de la position
encore exposée du Roi en e1.  La première idée consiste dans le sacrifice
d'une qualité sur f3, qui apporterait d'abord un échec sur h4, puis le gain du
pion d4. La seconde, tout aussi dangereuse, tient dans le sacrifice du
Cavalier sur e5, dans le but de pénétrer avec la Dame sur f2.} 10. b4 {Pour
clarifier la position du côté Dame et libérer le Bc1 de sa tâche défensive.} ({
Une autre possibilité, maintes fois essayée au plus haut niveau, consiste dans
l'avance du pion -h-} 10. h4 {qui couvre cette case face aux velléités du Be7,
tout en offrant de nouvelles possibilités pour la Tour.}) 10... cxd4 11. Nexd4
{Vers e6, pour dégager le Bf1 avec gain de temps.} ({Si} 11. cxd4 O-O 12. Rb1
a5 13. b5 a4 14. Nc3 Ncxe5 $1 15. fxe5 fxe5 {obtenant une forte attaque ;
Shirov-Gurevich, Munich 1993}) 11... fxe5 {Une décision très audacieuse.} ({
Une partie rapide Bologan-Gurevich, disputée а Francfort en 2000 avait
continué par} 11... Nxd4 12. cxd4 O-O 13. Bd3 {etc.}) 12. Nxe6 {Menaçant déjà
les pions d5 et g7.} Nf6 13. Nfg5 h6 {Toujours dans le même esprit : les Noirs
jouent pieds au plancher.} 14. Nxg7+ Kf8 15. N5e6+ Kf7 16. f5 {la phalange
d5-e5 a belle allure, mais on pourrait certainement en dire autant du Ne6,
fermement installé au cœur des lignes ennemies. Cette évaluation ne présente
pourtant qu'un aperçu stratégique. Ce qui est peu dire quand les deux joueurs
sont forcés de calculer d'innombrables variantes, chacune plus compliquée que
la précédente.} Bd7 {Supposons aussi :} ({a)} 16... Nd8 17. c4 Nxe6 18. Nxe6
Bxe6 19. fxe6+ Qxe6 20. cxd5 Nxd5 21. Bc4) ({b)} 16... Rh7 17. Qf3 Rxg7 18.
Nxg7 Kxg7 19. Qg3+ Kf8 20. Qg6 {Les Blancs obtiennent l'initiative dans les
deux cas.}) 17. Qf3 Bd6 18. Be2 Rag8 19. Nh5 {L'avantage des Blancs se précise
: le pion d5 se révèle plus vulnérable que dangereux.} e4 20. Qh3 Be5 21. Nxf6
{Cet échange continue de miner le centre, en prévision de l'attaque contre d5.}
({Une variante qui méritait le détour était pourtant :} 21. Bf4 Rxg2 22. Qxg2
Bxc3+ 23. Kf1 Rg8 (23... Bxa1 24. Qg7+ Ke8 25. Nxf6+ Bxf6 26. Bh5#) 24. Qh3
Bxa1 25. Bc7 $1 {la Dame est prise !}) 21... Bxf6 22. Bh5+ Ke7 23. Nf4 Kd6 {[#]
} 24. Bb2 $2 {Mais ici les Blancs ratent l'occasion de couronner le plan
initié dès le 19e coup :} ({Il fallait jouer :} 24. Nxd5 $3 Kxd5 25. c4+ Kxc4 (
25... Ke5 26. Bb2+ Nd4 27. c5) 26. Bf7+ Kb5 27. a4+ Kxb4 28. Bd2+ Kc5 29. Qa3+
Nb4 30. Rc1+ {gagne.}) 24... Ne5 {La partie se complique encore : le Bb2 ne
vaut pas celui de f6.} 25. Rd1 (25. O-O-O {se heurtait а} Bg5) 25... Nd3+ ({Si
} 25... Nf3+ 26. gxf3 Rg1+ 27. Rxg1 Qxg1+ 28. Qf1 Qe3+ 29. Qe2 Qxf4 30. Qxe4 {
les Blancs gardent le dessus.}) 26. Nxd3 exd3 27. Qxd3 Kc7 {Encore une
variante amusante :} (27... Re8+ $5 28. Bxe8 Rxe8+ 29. Kf1 ({Surtout pas} 29.
Kd2 Qf2+ 30. Kc1 Bg5+ 31. Kb1 Bxf5) 29... Kc7 ({pas encore} 29... Bb5 $2 30. c4
$1) 30. Qxd5 Bb5+ 31. c4 Qe3 $1 32. Qd6+ (32. cxb5 Qe2+ 33. Kg1 Qe3+ {échec
perpétuel.}) 32... Kc8 33. Qd3 Qxd3+ 34. Rxd3 Bxc4 35. Bxf6 Bxd3+ 36. Kf2 Bxf5
{et les Fous de couleur opposée devraient assurer la nullité.}) 28. Qf3 Bb5 29.
Kd2 {Il saisit l'occasion de mettre son Roi а l'abri.} Ba4 30. Kc1 Bxd1 31.
Rxd1 Kb8 {Lui aussi !} 32. Bf7 Rd8 33. Bxd5 Rhe8 34. c4 Bxb2+ 35. Kxb2 Qf6+ {
Les Blancs comptent trois pions pour la qualité, mais leur Roi n'est toujours
pas en sécurité.} 36. Kb1 Re5 37. Be6 ({Une meilleure piste était apparemment} 
37. g4 Rde8 38. Qf4 Ka8 39. Qd4 {avec centralisation des forces.}) 37... Rxd1+
38. Qxd1 Re3 39. Ka2 a6 40. Qd6+ Ka8 41. Qc5 {Et nulle de commun accord.} (41.
Qc5 {Sur} Qc3 {Les Blancs n'auraient d'autre ressource que de donner l'échec
perpétuel sur c8 et c5.}) 1/2-1/2

[Event "Saint Louis Spring-A"]
[Site "Saint Louis"]
[Date "2019.03.09"]
[Round "8"]
[White "Robson, Ray"]
[Black "Akobian, Varuzhan"]
[Result "1-0"]
[WhiteElo "2667"]
[BlackElo "2625"]
[Annotator "Yermolinsky,A"]
[PlyCount "77"]
[EventDate "2019.03.02"]
[EventType "tourn"]
[EventRounds "9"]
[EventCountry "USA"]
[EventCategory "17"]
[SourceTitle "CBM 189"]
[Source "ChessBase"]
[SourceDate "2019.04.29"]
[SourceVersion "1"]
[SourceVersionDate "2019.04.29"]
[SourceQuality "1"]

1. e4 e6 {Varuzhan Akobian lives and dies by his beloved French Defense.} 2. d4
d5 3. Nc3 Nf6 4. e5 Nfd7 5. f4 c5 6. Nf3 Nc6 7. Be3 a6 8. Ne2 Qb6 9. Rb1 Qa5+
10. Bd2 Qc7 11. c3 b5 12. f5 $5 exf5 13. Nf4 {[#] Nothing new with this
concept, but it's an effective setup. At the cost of a pawn White facilitates
his development for future battle.} Nb6 14. Bd3 g6 15. O-O c4 16. Bc2 Be7 17.
b3 Be6 18. Qe1 Qd7 19. Qg3 Rc8 20. h4 a5 {[#]} 21. Bd1 ({I thought in such
position White is supposed to go} 21. Ng5 Bxg5 22. Qxg5 Qe7 23. Qg3 {as the
departure of Black's DSB makes b5-b4 an iffy proposition.}) 21... b4 22. Be2 h6
$1 {Now Black appears to be OK.} 23. Rfd1 bxc3 24. Bxc3 Bb4 25. Bxb4 axb4 26.
bxc4 dxc4 27. d5 $5 Nxd5 28. Bxc4 Qa7+ 29. Kh1 Nxf4 30. Qxf4 g5 31. Qc1 {[#]}
Ke7 $2 {A huge melee here, but clearly Var went terribly with his choice of
king's position.} ({Instead,} 31... O-O 32. Bxe6 fxe6 33. Qc4 Rfe8 34. hxg5
Nxe5 {is quite acceptable for Black. Look up the games of another relative
old-timer, Kaido Kulaots, from his victorious Aeroflot Open campaign. Kaido
castled into White's attack repeatedly, and won four games with Black!}) 32.
Bxe6 fxe6 33. Qc4 Rhd8 $2 {Another error dooms Black.} (33... Na5 34. Qxb4+ Kf7
35. Qa4 Rc7 {is barely, but holdable.}) 34. Rxd8 Kxd8 35. Rd1+ Kc7 36. Rd6 Kb7
{Arriving from the frying pan right into a raging fire.} 37. Nd4 Qa4 38. Nxe6
Nxe5 39. Qd5+ 1-0

[Event "SWE-ch"]
[Site "Falun"]
[Date "2012.07.07"]
[Round "1"]
[White "Lindberg, Bengt"]
[Black "Tikkanen, Hans"]
[Result "1/2-1/2"]
[WhiteElo "2409"]
[BlackElo "2573"]
[Annotator "Ziegler,A"]
[PlyCount "68"]
[EventDate "2012.07.07"]
[EventType "tourn"]
[EventRounds "9"]
[EventCountry "SWE"]
[EventCategory "9"]
[SourceTitle "CBM 149 Extra"]
[Source "ChessBase"]
[SourceDate "2012.08.24"]
[SourceVersion "1"]
[SourceVersionDate "2012.08.24"]
[SourceQuality "1"]

1. e4 e6 2. d4 d5 3. Nc3 Nf6 4. e5 Nfd7 5. f4 c5 6. Nf3 Nc6 7. Be3 a6 ({
Lately, the move} 7... Be7 {has gained in popularity.}) 8. Qd2 b5 9. Nd1 {
#Tikkanen knew about this move, but he had not a clear vision how to tackle it.
After the game he wondered why not more people play this move. The move is
very flexible, White don't waist time with a3, sometimes he will play c3 in
order to secure the d4-square. If possible the knight can be transferred to e3
in order to push f4-f5. The disadvantages with the move are clear. It cuts of
the communications between the Queen's and King's wing, it allows a knight to
jump in to e4, and it consumes time...} ({Nowadays} 9. a3 {is considered the
main move here. Black is fighting for full equality.}) 9... Bb7 {This is a
move you generally don't want to do, but simple play like} (9... cxd4 10. Nxd4
Nxd4 11. Bxd4 Bc5 12. Ne3 O-O 13. O-O-O {gives White the oppurtunity to get
things in order.}) (9... Qb6 {is another logical move which unexpedtedly runs
into problems.} 10. Be2 b4 {Black's dream is to play Bc8-a6 and trade the
bishop off.} 11. c4 $1 dxc4 12. d5 exd5 13. Qxd5) (9... Be7 10. Be2 O-O 11. O-O
{was the only sencible alternative, but it is somehow passive, and you
probably have to play Bb7 anyway...}) 10. Be2 {The ideal square for the bishop
in obviously d3.} (10. Bd3 {and since} c4 11. Be2 {only takes away all Black's
play, White could have played Bd3 after all.}) 10... cxd4 {logical.} ({A
cunning strategy could be to wait a little, forcing White to declare where to
go with the knight.} 10... Be7 11. O-O O-O 12. Nf2 Qc7 13. c3 Na5 $5 14. b3
Rfc8 15. Qb2 {preventing Ba3. White has a secure position.}) 11. Nxd4 Nc5 12.
O-O Ne4 13. Qe1 {# From an optical point of view, black has achieved moderate
success. Next move is important as it might define future play.} Bc5 (13... Qb6
$5 14. Nxc6 (14. c3 Bc5 $1 15. Nc2 d4 $1) 14... Qxc6 {introducing a new
element in the position, the d5-d4 trust!} 15. c3 Rd8 $11) 14. Nxc6 Qb6 {
An appealing zwischenzug!} 15. Bf3 Qxc6 16. Bxe4 dxe4 17. Qf2 $6 (17. Bxc5
Qxc5+ 18. Qf2 Qxf2+ 19. Kxf2) 17... Be7 $1 18. Bd4 {#Suddenly we have a
position where time works in favour for Black. He does not have to do anything
special.} O-O-O $5 {Maybe Tikkanen played this because he wanted to win. Now
the position gets unbalanced without any objective disadvantages.} (18... Rd8
19. c3 O-O {is slightly better for Black.}) 19. c3 {Black has a lot of ideas
to toss with. Should he play ...h5 and ...g6 in order to fix white's pawns on
the black squares? Should the h-pawn go to h3 in order to permanently weaken
the g2-square? Should he break in the centre with ...f6?} f5 20. exf6 Bxf6 (
20... gxf6 21. Ne3 {was inferior. Black gets three pawn islands without any
visible compensations.}) 21. Ne3 Bxd4 22. cxd4 Kb8 {Tikkanen's experiment did
not go very well. He did not get the unbalanced position he strived for and
white is slightly better.} 23. f5 exf5 24. Qxf5 Ka8 25. Rac1 Qh6 26. Qf2 Rhf8
27. Qd2 Rfe8 28. Rfd1 (28. Rf5 {with ideas like Rfc5 or d4-d5 would have
secured a white initiative.}) 28... Rd7 29. Rc5 Qb6 30. b4 Red8 31. Qc3 Qf6 32.
Rf5 Qb6 33. Rc5 Qf6 34. Rf5 Qb6 {An interesting strategical game. I guess we
will see more games with 9.Ne1, a move for the future?} 1/2-1/2